Broncos 1997 roster - Statistics

General Stats
  • This quiz has been taken 3 times
  • The average score is 6 of 25
Answer Stats
Hint Answer % Correct
qb john elway
100%
te shannon sharpe
100%
rb Terrell davis
100%
le neil smith
67%
wr rod smith
67%
wr ed Mccaffrey
33%
lt gary zimmerman
33%
k jason elam
33%
coach mike shanahan
33%
fs steve atwater
33%
mlb alan aldridge
0%
re alfred williams
0%
ilb bill romanowski
0%
rg brian habib
0%
rcb darrien gordon
0%
wr flipper anderson
0%
fb howard griffith
0%
rlb john mobley
0%
dt keith taylor
0%
lg mark schlereth
0%
lcb ray crockett
0%
c tom nalen
0%
p tom rouen
0%
rt tony jones
0%
ss tyrone braxton
0%
No matching quizzes found
Score Distribution
Percent of People with Each Score
Percentile by Number Answered
Your Score History
You have not taken this quiz